| 000 | 00817nam a22001577a 4500 | ||
|---|---|---|---|
| 003 | OSt | ||
| 005 | 20151026150428.0 | ||
| 008 | 151026b xxu||||| |||| 00| 0 eng d | ||
| 040 | _cRUA | ||
| 082 | _aAVM HEN 2013 B111 Or.1 | ||
| 100 |
_92920 _aHENG, CHEAVLENG. |
||
| 245 | _aStudy on sows before farrowing 14 days and diarrhea on piglets after farrowwing at m's pig acmc at sihanouk province, សិក្សាលើការថែទាំមេជ្រូក ១៤ថ្ងៃ មុនកើតព្រមទាំងជំងឺរាកកូនជ្រូកពេលកើតរហូតដល់ផ្តាច់ដោះ នៅក្រុមហ៊ុន m's pjg acmc ខេត្តព្រះសីហនុ | ||
| 260 |
_aPhnom Penh _bRUA _c2013 |
||
| 300 |
_axi; 42p. _bill. _c29cm. |
||
| 942 |
_2ddc _cAVM |
||
| 999 |
_c2737 _d2737 |
||